000 002680000a22000970004500
100 1 _aChapman, John
245 1 0 _aLatin link : Making relationships work
300 _aVol. 73, Num 3 (Julio-Septiembre, 1993), Página 5
773 0 _tLatin America Evangelist
942 _cANA
999 _c54727
_d54727